| 000 | 00567nam a2200205 u 4500 | ||
|---|---|---|---|
| 005 | 20240309063629.0 | ||
| 008 | 121019s2002 ea r 000 0 spa d | ||
| 020 | _a1410300226 | ||
| 035 | _aUPN01000187749 | ||
| 049 | _aI | ||
| 050 | 4 |
_aTX355 _bN3.2 |
|
| 100 | 1 |
_aNathan, Emma _933221 |
|
| 245 | 1 | 3 |
_aEl alimento / _cEmma Nathan. |
| 260 |
_aFarmington Hills [E.U.A.] : _bThomson, _cc2002. |
||
| 300 |
_a23 p. : _bil. col. |
||
| 440 | 1 | _a¡Abre los ojos y aprende! | |
| 650 | 4 |
_aAlimentos _vLiteratura infantil _921621 |
|
| 905 | _aInfantil | ||
| 999 |
_c159852 _d159852 |
||